000 00363nam a2200133 4500
020 _a9789360617837
082 _a658.562Log SHR/S
084 _2Colon Classification
100 _aShrinivasan, Ajay
245 _aShipping and port management /
_cAjay Shrinivasan,
260 _aNew Delhi :
_bPinakin Publishing,
_c2024.
300 _a286p.:
942 _2ddc
_cBK
999 _c749869
_d749869